[Event "ThEM  Meisterturnier"]
[Site "Finsterbergen / Thueringen"]
[Date "2001.04.11"]
[Round "1"]
[White "Koksch, Robert"]
[Black "Goemann, Jens"]
[Result "1/2-1/2"]
[WhiteElo "2142"]
[BlackElo "2181"]
[PlyCount "38"]
[EventDate "2001.04.??"]

1. d4 Nf6 2. c4 g6 3. Nc3 Bg7 4. e4 d6 5. f4 O-O 6. Nf3 Na6 7. Be2 e5 8. fxe5
dxe5 9. d5 Nc5 10. Qc2 a5 11. O-O Qe7 12. Bg5 h6 13. Bh4 g5 14. Bg3 Ng4 15. Qd2
f5 16. exf5 Rxf5 17. h3 Nf6 18. Qe3 Ne8 19. Nd2 b6 1/2-1/2

[Event "ThEM  Meisterturnier"]
[Site "Finsterbergen / Thueringen"]
[Date "2001.04.11"]
[Round "1"]
[White "Fischer, Kay"]
[Black "Sieber, Stephan"]
[Result "1/2-1/2"]
[WhiteElo "2157"]
[BlackElo "2119"]
[PlyCount "85"]
[EventDate "2001.04.??"]

1. d4 f5 2. e4 fxe4 3. Nc3 Nf6 4. f3 exf3 5. Nxf3 g6 6. Bg5 Bg7 7. Qd2 b6 8.
O-O-O Ba6 9. Ne5 Bxf1 10. Rhxf1 O-O 11. Bh6 d6 12. Bxg7 Kxg7 13. Nf3 Qd7 14.
Rde1 Nc6 15. d5 Ne5 16. Nxe5 dxe5 17. Qe2 e4 18. Nxe4 Qxd5 19. Nc3 Qg5+ 20. Kb1
Rae8 21. a3 Qc5 22. Qe6 Qd6 23. Qh3 e5 24. Qh4 a6 25. Rf3 Qd4 26. Qg3 Rf7 27.
Rfe3 Qg4 28. Rxe5 Qxg3 29. hxg3 Rxe5 30. Rxe5 Rd7 31. Kc1 Kf7 32. Ne2 Re7 33.
Rxe7+ Kxe7 34. Kd2 Ke6 35. Ke3 Ke5 36. Nf4 Nd5+ 37. Kf3 Nxf4 38. gxf4+ Kd5 39.
g4 h5 40. f5 hxg4+ 41. Kxg4 gxf5+ 42. Kxf5 b5 43. Kf4 1/2-1/2

[Event "ThEM  Meisterturnier"]
[Site "Finsterbergen / Thueringen"]
[Date "2001.04.11"]
[Round "1"]
[White "Kraemer, Martin"]
[Black "Haensel, Thomas"]
[Result "0-1"]
[WhiteElo "2054"]
[BlackElo "2264"]
[PlyCount "72"]
[EventDate "2001.04.??"]

1. e4 c5 2. d4 cxd4 3. c3 dxc3 4. Nxc3 Nc6 5. Nf3 d6 6. Bc4 a6 7. O-O Nf6 8.
Be3 e6 9. Qe2 Be7 10. Rfd1 Qc7 11. Rac1 O-O 12. Bb3 Qb8 13. a4 Ng4 14. Bb6 Nge5
15. a5 Nxf3+ 16. Qxf3 Bd7 17. Qg3 Be8 18. f4 Bd8 19. f5 Bxb6+ 20. axb6 Qd8 21.
Na4 e5 22. Rf1 Nd4 23. Rce1 Kh8 24. f6 gxf6 25. Bd1 Bxa4 26. Bxa4 Qxb6 27. Qf2
f5 28. Kh1 Qd8 29. exf5 b5 30. Bd1 f6 31. Re3 Ra7 32. Rh3 Rg7 33. Rh6 Qd7 34.
g4 Qb7+ 35. Kg1 Qe4 36. Qh4 Nxf5 0-1

[Event "ThEM  Meisterturnier"]
[Site "Finsterbergen / Thueringen"]
[Date "2001.04.12"]
[Round "2"]
[White "Haensel, Thomas"]
[Black "Taudte, Stefan"]
[Result "1-0"]
[WhiteElo "2264"]
[BlackElo "2098"]
[PlyCount "39"]
[EventDate "2001.04.??"]

1. e4 d5 2. exd5 Nf6 3. d4 Nxd5 4. c4 Nf6 5. Nf3 g6 6. Be2 Bg7 7. O-O O-O 8.
Nc3 c5 9. d5 e6 10. Bg5 exd5 11. cxd5 h6 12. Bf4 b6 13. Ne5 Bb7 14. Bf3 Nh5 15.
Bxh5 Qh4 16. Bg4 h5 17. Bg3 Qe7 18. d6 Qd8 19. Bf3 Bxf3 20. Nxf3 1-0

[Event "ThEM  Meisterturnier"]
[Site "Finsterbergen / Thueringen"]
[Date "2001.04.12"]
[Round "2"]
[White "Sieber, Stephan"]
[Black "Kraemer, Martin"]
[Result "1-0"]
[WhiteElo "2119"]
[BlackElo "2054"]
[PlyCount "73"]
[EventDate "2001.04.??"]

1. e4 c5 2. Nf3 Nc6 3. d4 cxd4 4. Nxd4 g6 5. c4 Bg7 6. Be3 Nf6 7. Nc3 Ng4 8.
Qxg4 Nxd4 9. Qd1 e5 10. Nb5 O-O 11. Qd2 Qh4 12. Bd3 d5 13. cxd5 Nxb5 14. Bxb5
Qxe4 15. O-O Qf5 16. Bc5 Rd8 17. Be7 Bd7 18. Bxd8 Bxb5 19. Be7 Bxf1 20. Rxf1
Qd7 21. d6 Bf8 22. Bxf8 Rxf8 23. Rd1 a6 24. Qa5 Re8 25. h3 Kg7 26. Rd5 Re6 27.
Qc3 Kh6 28. g4 f6 29. Qc7 Qxc7 30. dxc7 Rc6 31. Rd7 g5 32. Kg2 Kg6 33. Kf3 h5
34. Ke4 h4 35. b4 Rc4+ 36. Kd5 Rc6 37. a4 1-0

[Event "ThEM  Meisterturnier"]
[Site "Finsterbergen / Thueringen"]
[Date "2001.04.12"]
[Round "2"]
[White "Aepfler, Christian"]
[Black "Fischer, Kay"]
[Result "1/2-1/2"]
[WhiteElo "2241"]
[BlackElo "2157"]
[PlyCount "24"]
[EventDate "2001.04.??"]

1. e4 c5 2. c3 d5 3. exd5 Qxd5 4. d4 Nc6 5. Be3 cxd4 6. cxd4 e5 7. dxe5 Bb4+ 8.
Bd2 Qxe5+ 9. Qe2 Qxe2+ 10. Bxe2 Bxd2+ 11. Nxd2 Nf6 12. Ngf3 O-O 1/2-1/2

[Event "ThEM  Meisterturnier"]
[Site "Finsterbergen / Thueringen"]
[Date "2001.04.12"]
[Round "2"]
[White "Koksch, Robert"]
[Black "Kischbaum, Gunnar"]
[Result "1/2-1/2"]
[WhiteElo "2142"]
[BlackElo "2212"]
[PlyCount "41"]
[EventDate "2001.04.??"]

1. d4 d6 2. c4 Nf6 3. Nc3 g6 4. e4 Bg7 5. f4 O-O 6. Nf3 Na6 7. Bd3 e5 8. fxe5
dxe5 9. d5 Nc5 10. Bc2 a5 11. O-O h6 12. Bd2 Ne8 13. Qe2 Nd6 14. Rae1 Bg4 15.
h3 Bxf3 16. Rxf3 f5 17. Be3 Ncxe4 18. Nxe4 Nxe4 19. Bxe4 fxe4 20. Rxf8+ Qxf8
21. Bf2 1/2-1/2

[Event "ThEM  Meisterturnier"]
[Site "Finsterbergen / Thueringen"]
[Date "2001.04.12"]
[Round "3"]
[White "Kischbaum, Gunnar"]
[Black "Goemann, Jens"]
[Result "1/2-1/2"]
[WhiteElo "2212"]
[BlackElo "2181"]
[PlyCount "47"]
[EventDate "2001.04.??"]

1. d4 Nf6 2. c4 g6 3. Nc3 Bg7 4. e4 d6 5. f4 O-O 6. Nf3 c5 7. d5 e6 8. Be2 exd5
9. cxd5 Bg4 10. O-O Nbd7 11. Nd2 Bxe2 12. Qxe2 Re8 13. Qf3 Rc8 14. Kh1 a6 15.
a4 c4 16. g4 Nc5 17. e5 dxe5 18. fxe5 Rxe5 19. Nxc4 Rxd5 20. Nxd5 Qxd5 21. Qxd5
Nxd5 22. Ra3 Ne4 23. Rd3 Ndf6 24. Nb6 1/2-1/2

[Event "ThEM  Meisterturnier"]
[Site "Finsterbergen / Thueringen"]
[Date "2001.04.12"]
[Round "3"]
[White "Fischer, Kay"]
[Black "Koksch, Robert"]
[Result "1-0"]
[WhiteElo "2157"]
[BlackElo "2142"]
[PlyCount "73"]
[EventDate "2001.04.??"]

1. e4 c6 2. d4 d5 3. Nc3 dxe4 4. Bc4 e6 5. f3 exf3 6. Nxf3 Nf6 7. O-O Bd6 8.
Bg5 Nbd7 9. Qe2 Nb6 10. Bd3 Be7 11. Kh1 Nbd5 12. Ne5 Rf8 13. Rad1 Bd7 14. Nxd5
Nxd5 15. Rxf7 Rxf7 16. Qh5 g6 17. Bxg6 Bxg5 18. Qxh7 Qf6 19. Bxf7+ Kd8 20. Qg8+
Kc7 21. Qxa8 Ne3 22. Qb8+ Kxb8 23. Nxd7+ Kc7 24. Nxf6 Nxd1 25. Ne4 Be3 26. Bxe6
Nxb2 27. d5 cxd5 28. Bxd5 Na4 29. g4 Nc5 30. Kg2 Nxe4 31. Bxe4 b6 32. h4 Kd6
33. Kf3 Bd2 34. g5 Ke6 35. Kg4 Kf7 36. Kf5 Kg7 37. h5 1-0

[Event "ThEM  Meisterturnier"]
[Site "Finsterbergen / Thueringen"]
[Date "2001.04.12"]
[Round "3"]
[White "Kraemer, Martin"]
[Black "Aepfler, Christian"]
[Result "1/2-1/2"]
[WhiteElo "2054"]
[BlackElo "2241"]
[PlyCount "36"]
[EventDate "2001.04.??"]

1. e4 e6 2. d4 d5 3. e5 b6 4. c3 Qd7 5. f4 Ba6 6. Bxa6 Nxa6 7. Qd3 Nb8 8. Ne2
Ne7 9. O-O h5 10. b4 Nf5 11. a4 a5 12. b5 c5 13. Ba3 c4 14. Qd2 Bxa3 15. Nxa3
Qe7 16. Nc2 Nd7 17. Ne3 g6 18. Kh1 O-O-O 1/2-1/2

[Event "ThEM  Meisterturnier"]
[Site "Finsterbergen / Thueringen"]
[Date "2001.04.12"]
[Round "3"]
[White "Taudte, Stefan"]
[Black "Sieber, Stephan"]
[Result "1/2-1/2"]
[WhiteElo "2098"]
[BlackElo "2119"]
[PlyCount "55"]
[EventDate "2001.04.??"]

1. d4 Nf6 2. c4 g6 3. Nc3 Bg7 4. e4 d6 5. Bd3 O-O 6. h3 e5 7. d5 c5 8. Bg5 Na6
9. Nge2 Qe7 10. Qd2 Re8 11. g4 Bd7 12. Ng3 Qf8 13. f3 h6 14. Be3 Nh7 15. h4 Nc7
16. Kf2 a6 17. a4 b6 18. b3 Reb8 19. Rhg1 Rb7 20. Rg2 Rab8 21. Rag1 b5 22. axb5
axb5 23. Nf5 bxc4 24. Bxc4 Qd8 25. Nxd6 Qxh4+ 26. Ke2 Rb6 27. Bxc5 Ng5 28. Bf2
1/2-1/2

[Event "ThEM  Meisterturnier"]
[Site "Finsterbergen / Thueringen"]
[Date "2001.04.13"]
[Round "4"]
[White "Aepfler, Christian"]
[Black "Taudte, Stefan"]
[Result "0-1"]
[WhiteElo "2241"]
[BlackElo "2098"]
[PlyCount "44"]
[EventDate "2001.04.??"]

1. e4 e5 2. Nf3 f5 3. Nxe5 Qf6 4. Nc4 fxe4 5. Be2 d5 6. Ne3 c6 7. O-O Bd6 8. f3
Qh4 9. g3 Bxg3 10. hxg3 Qxg3+ 11. Ng2 Bh3 12. Rf2 Nf6 13. d3 O-O 14. fxe4 Nbd7
15. Bf4 Qg6 16. Nd2 Nxe4 17. Nxe4 Rxf4 18. Bh5 Rxf2 19. Bxg6 Rxg2+ 20. Kh1 Rxg6
21. Nd2 Re8 22. Qh5 Bg4 0-1

[Event "ThEM  Meisterturnier"]
[Site "Finsterbergen / Thueringen"]
[Date "2001.04.13"]
[Round "4"]
[White "Koksch, Robert"]
[Black "Kraemer, Martin"]
[Result "0-1"]
[WhiteElo "2142"]
[BlackElo "2054"]
[PlyCount "93"]
[EventDate "2001.04.??"]

1. d4 Nf6 2. c4 g6 3. Nc3 Bg7 4. e4 d6 5. f4 O-O 6. Nf3 Na6 7. Bd3 e5 8. fxe5
dxe5 9. d5 Nc5 10. Bc2 a5 11. O-O Qe7 12. Bd2 Bd7 13. Qe2 Ne8 14. Rae1 b6 15.
Bg5 Bf6 16. Bxf6 Nxf6 17. Qd2 Nh5 18. Qh6 f6 19. Rf2 Nf4 20. Rd2 Nb7 21. g3
Nh3+ 22. Kg2 Ng5 23. h4 Bh3+ 24. Kf2 Qc5+ 25. Ke2 Nf7 26. Qe3 Qxc4+ 27. Bd3 Qc5
28. Nb5 Rfc8 29. Rc2 Qxe3+ 30. Kxe3 Nc5 31. Nd2 Bd7 32. Bf1 Nd6 33. Nxd6 cxd6
34. Nc4 Nxe4 35. Rh2 Rxc4 36. Bxc4 Nxg3 37. Rc1 Nf5+ 38. Ke4 Rc8 39. Rc3 Nd4
40. Ba6 Rc5 41. Rxc5 bxc5 42. Rg2 Kf7 43. Rg3 Bf5+ 44. Ke3 Bb1 45. Kd2 Bxa2 46.
Ra3 Bxd5 47. Rxa5 0-1

[Event "ThEM  Meisterturnier"]
[Site "Finsterbergen / Thueringen"]
[Date "2001.04.04"]
[Round "5"]
[White "Taudte, Stefan"]
[Black "Koksch, Robert"]
[Result "1/2-1/2"]
[WhiteElo "2098"]
[BlackElo "2142"]
[PlyCount "43"]
[EventDate "2001.04.??"]

1. d4 d5 2. c4 c6 3. Nc3 Nf6 4. Nf3 dxc4 5. e3 b5 6. a4 b4 7. Na2 e6 8. Bxc4 a5
9. O-O Bb7 10. Qe2 Nbd7 11. e4 Be7 12. Ng5 h6 13. Nxe6 fxe6 14. e5 Nd5 15. Qh5+
Kf8 16. f4 Qe8 17. Qg4 Bd8 18. Bd3 h5 19. Qg3 Bb6 20. Be3 Nxe3 21. Qxe3 Ba6 22.
Bxa6 1/2-1/2

[Event "ThEM  Meisterturnier"]
[Site "Finsterbergen / Thueringen"]
[Date "2001.04.13"]
[Round "5"]
[White "Haensel, Thomas"]
[Black "Sieber, Stephan"]
[Result "1-0"]
[WhiteElo "2264"]
[BlackElo "2119"]
[PlyCount "73"]
[EventDate "2001.04.??"]

1. e4 e5 2. Nf3 Nc6 3. Bb5 Nf6 4. Qe2 d6 5. c3 a6 6. Ba4 b5 7. Bb3 Be7 8. O-O
O-O 9. Rd1 Na5 10. Bc2 c5 11. d4 Qc7 12. d5 Ne8 13. Nbd2 c4 14. Nf1 f5 15. exf5
Bxf5 16. Bxf5 Rxf5 17. Ng3 Rf7 18. Be3 Nb7 19. a4 Qc8 20. Qc2 h6 21. axb5 axb5
22. Rxa8 Qxa8 23. Qg6 Qc8 24. Ra1 Rf6 25. Qb1 Nc7 26. Qe4 Bd8 27. h3 Qd7 28.
Ra7 Nc5 29. Bxc5 dxc5 30. Nxe5 Qxd5 31. Qxd5+ Nxd5 32. Rd7 Bc7 33. Rxd5 Re6 34.
Nf3 Bd6 35. Kf1 b4 36. Nf5 Bf8 37. Ne3 1-0

[Event "ThEM  Meisterturnier"]
[Site "Finsterbergen / Thueringen"]
[Date "2001.04.14"]
[Round "6"]
[White "Goemann, Jens"]
[Black "Sieber, Stephan"]
[Result "1-0"]
[WhiteElo "2181"]
[BlackElo "2119"]
[PlyCount "67"]
[EventDate "2001.04.??"]

1. c4 Nf6 2. Nf3 g6 3. g3 Bg7 4. Bg2 d6 5. d4 O-O 6. O-O Nbd7 7. Qc2 e5 8. Rd1
Qe7 9. Nc3 c6 10. e4 exd4 11. Nxd4 Ne5 12. b3 c5 13. Nde2 Bg4 14. Bf4 Rad8 15.
Bxe5 Qxe5 16. f3 Bc8 17. Rd3 Nh5 18. Rad1 f5 19. Qd2 f4 20. g4 Nf6 21. Nb5 Bxg4
22. fxg4 Nxe4 23. Bxe4 Qxe4 24. Nec3 Qe6 25. Qe2 Qc8 26. Nxa7 f3 27. Qe4 f2+
28. Kf1 Qb8 29. Qd5+ Kh8 30. Nab5 Qc8 31. h3 Rf4 32. Nxd6 Qc7 33. Ncb5 Qe7 34.
Nf7+ 1-0

[Event "ThEM  Meisterturnier"]
[Site "Finsterbergen / Thueringen"]
[Date "2001.04.14"]
[Round "6"]
[White "Kischbaum, Gunnar"]
[Black "Taudte, Stefan"]
[Result "1/2-1/2"]
[WhiteElo "2212"]
[BlackElo "2098"]
[PlyCount "99"]
[EventDate "2001.04.??"]

1. d4 Nf6 2. c4 c5 3. d5 e6 4. Nc3 exd5 5. cxd5 d6 6. e4 g6 7. f4 Bg7 8. Nf3
O-O 9. Be2 Na6 10. e5 Nd7 11. e6 Nf6 12. f5 gxf5 13. O-O fxe6 14. dxe6 Bxe6 15.
Ng5 Qe7 16. Bf3 Rae8 17. Bf4 Ne4 18. Ngxe4 fxe4 19. Bxe4 Bd4+ 20. Kh1 Be5 21.
Bxe5 dxe5 22. Qh5 Qg7 23. Rf3 Bg4 24. Bxh7+ Kh8 25. Rxf8+ Rxf8 26. Qh4 Qxh7 27.
Qxg4 Qf5 28. Qxf5 Rxf5 29. Kg1 Kg7 30. Rd1 Nb4 31. a3 Nc2 32. Rd7+ Kg6 33. Rxb7
Ne3 34. h3 Rf1+ 35. Kh2 Rf2 36. Kg3 Rc2 37. Rxa7 Rxb2 38. Rc7 Rb3 39. Rc6+ Kg7
40. Ne2 Nf5+ 41. Kf2 Rxa3 42. Rxc5 Kf6 43. Nc3 Nd6 44. Rc6 Rxc3 45. Rxd6+ Kg5
46. Rd8 Rc2+ 47. Kf3 e4+ 48. Kg3 Rc3+ 49. Kf2 Rc2+ 50. Kg3 1/2-1/2

[Event "ThEM  Meisterturnier"]
[Site "Finsterbergen / Thueringen"]
[Date "2001.04.14"]
[Round "6"]
[White "Fischer, Kay"]
[Black "Kraemer, Martin"]
[Result "1/2-1/2"]
[WhiteElo "2157"]
[BlackElo "2054"]
[PlyCount "56"]
[EventDate "2001.04.??"]

1. d4 Nf6 2. Nc3 d5 3. Bg5 Nbd7 4. Nf3 b6 5. Ne5 Bb7 6. e3 a6 7. f4 h6 8. Bh4
e6 9. Be2 Be7 10. O-O O-O 11. Qe1 c5 12. g4 Nxe5 13. fxe5 Ne4 14. Bxe7 Qxe7 15.
Nxe4 dxe4 16. c3 Rac8 17. Qg3 b5 18. a3 Bc6 19. h4 Kh7 20. Rf4 f5 21. gxf5 exf5
22. h5 cxd4 23. exd4 Qg5 24. Kf2 Be8 25. Rg1 Qe7 26. Ke1 Rc7 27. Rgf1 Qe6 28.
Qe3 Rcf7 1/2-1/2

[Event "ThEM  Meisterturnier"]
[Site "Finsterbergen / Thueringen"]
[Date "2001.04.15"]
[Round "7"]
[White "Haensel, Thomas"]
[Black "Koksch, Robert"]
[Result "1/2-1/2"]
[WhiteElo "2264"]
[BlackElo "2142"]
[PlyCount "39"]
[EventDate "2001.04.??"]

1. e4 c6 2. d4 d5 3. Nc3 dxe4 4. Nxe4 Nd7 5. Nf3 Ngf6 6. Nxf6+ Nxf6 7. c3 Bf5
8. Ne5 e6 9. g4 Qd5 10. Rg1 Bg6 11. Bg2 Qb5 12. a4 Qb6 13. Qe2 Bd6 14. h4 O-O-O
15. Nc4 Qb3 16. h5 Bb4 17. Kf1 Rxd4 18. Nd2 Rxd2 19. Bxd2 Bc2 20. Bxc6 1/2-1/2

[Event "ThEM  Meisterturnier"]
[Site "Finsterbergen / Thueringen"]
[Date "2001.04.15"]
[Round "7"]
[White "Sieber, Stephan"]
[Black "Aepfler, Christian"]
[Result "1/2-1/2"]
[WhiteElo "2119"]
[BlackElo "2241"]
[PlyCount "47"]
[EventDate "2001.04.??"]

1. e4 e6 2. d4 d5 3. Nc3 Nf6 4. e5 Nfd7 5. f4 c5 6. Nf3 Nc6 7. Be3 cxd4 8. Nxd4
Bc5 9. Qd2 Bxd4 10. Bxd4 a6 11. Be2 O-O 12. O-O b5 13. Kh1 Nxd4 14. Qxd4 Qb6
15. Qxb6 Nxb6 16. Bd3 Bd7 17. b3 Nc8 18. Ne2 Ne7 19. Kg1 Nc6 20. Rf3 Nb4 21. a3
Nxd3 22. Rxd3 Rfc8 23. Nd4 Kf8 24. Kf2 1/2-1/2

[Event "ThEM  Meisterturnier"]
[Site "Finsterbergen / Thueringen"]
[Date "2001.04.16"]
[Round "8"]
[White "Koksch, Robert"]
[Black "Sieber, Stephan"]
[Result "1-0"]
[WhiteElo "2142"]
[BlackElo "2119"]
[PlyCount "83"]
[EventDate "2001.04.??"]

1. d4 f5 2. c4 Nf6 3. Nc3 g6 4. g3 Bg7 5. Bg2 d6 6. Nf3 O-O 7. O-O c6 8. Qd3
Qc7 9. Bd2 Nbd7 10. e4 fxe4 11. Nxe4 Nxe4 12. Qxe4 e5 13. dxe5 Nxe5 14. Nxe5
Bxe5 15. Bh6 Bf5 16. Qe2 Rfe8 17. Rae1 Qa5 18. a3 Bg7 19. Be3 Qe5 20. g4 Bd7
21. Rb1 h5 22. h3 hxg4 23. hxg4 Bh6 24. Qd3 Bxe3 25. Qxg6+ Kh8 26. fxe3 Qxe3+
27. Kh2 Re6 28. Rbe1 Rxg6 29. Rxe3 Rxg4 30. Re7 Rg7 31. Rff7 Rxf7 32. Rxf7 Rd8
33. Bh3 Bxh3 34. Kxh3 Rb8 35. Rd7 d5 36. cxd5 cxd5 37. Kg4 a6 38. Kf4 Kg8 39.
Ke5 Kf8 40. Kxd5 Ke8 41. Rh7 Rd8+ 42. Ke6 1-0

[Event "ThEM  Meisterturnier"]
[Site "Finsterbergen / Thueringen"]
[Date "2001.04.15"]
[Round "8"]
[White "Kraemer, Martin"]
[Black "Taudte, Stefan"]
[Result "1-0"]
[WhiteElo "2054"]
[BlackElo "2098"]
[PlyCount "117"]
[EventDate "2001.04.??"]

1. e4 e6 2. d4 d5 3. e5 c5 4. c3 Qb6 5. Nf3 Bd7 6. Bd3 Bb5 7. O-O f6 8. exf6
gxf6 9. Bxb5+ Qxb5 10. Re1 Kf7 11. Nh4 h5 12. Na3 Qd7 13. Qd3 Ne7 14. dxc5 Rg8
15. Qh7+ Ke8 16. Bh6 Na6 17. Nf5 Nxf5 18. Qxg8 Ke7 19. Qh7+ Kd8 20. Qh8 Ke7 21.
Bxf8+ Rxf8 22. Qxh5 e5 23. f4 e4 24. Rad1 Nxc5 25. Nc2 Kd8 26. Nb4 d4 27. cxd4
Na4 28. Qe2 Nd6 29. Kh1 Qf5 30. Qc2 Rh8 31. g3 Qh5 32. Qe2 Qh3 33. Qg2 Qe6 34.
d5 Qg4 35. a3 Nf5 36. Kg1 Ne3 37. Rxe3 Qxd1+ 38. Qf1 Qh5 39. Qe2 a5 40. Qxh5
Rxh5 41. Nc2 Nxb2 42. Rxe4 Rxd5 43. Rd4 Rxd4 44. Nxd4 Nc4 45. Nc2 Ke7 46. Kf2
Kd6 47. Ke2 b5 48. h4 Nb6 49. h5 Ke7 50. Nd4 b4 51. axb4 axb4 52. Nc6+ Kf7 53.
Nxb4 Kg7 54. g4 Kh6 55. f5 Nc4 56. Kf3 Kg5 57. Nd3 Nd6 58. Nf2 Nf7 59. Ne4+ 1-0

[Event "ThEM  Meisterturnier"]
[Site "Finsterbergen / Thueringen"]
[Date "2001.04.16"]
[Round "9"]
[White "Aepfler, Christian"]
[Black "Koksch, Robert"]
[Result "1-0"]
[WhiteElo "2241"]
[BlackElo "2142"]
[PlyCount "79"]
[EventDate "2001.04.??"]

1. e4 e5 2. Nf3 Nf6 3. Nc3 Nc6 4. Bb5 d6 5. d4 Bd7 6. O-O Nxd4 7. Bxd7+ Qxd7 8.
Nxd4 exd4 9. Qxd4 Be7 10. Rd1 O-O 11. e5 Ne8 12. Bf4 a6 13. Bg3 Rd8 14. Nd5 Kh8
15. Qb4 c5 16. Qe1 dxe5 17. Nxe7 Qxe7 18. Rxd8 Qxd8 19. Qxe5 Qc8 20. Qc3 f5 21.
Be5 Nf6 22. h3 Rf7 23. Rd1 h6 24. Qa5 Rd7 25. Rxd7 Nxd7 26. Bc3 Nf8 27. Qb6 Ne6
28. Qd6 Nd4 29. Qe5 Kh7 30. h4 Kg6 31. Qd6+ Qe6 32. Qxc5 Ne2+ 33. Kh2 Nxc3 34.
Qxc3 Qxa2 35. h5+ Kxh5 36. Qxg7 Qa4 37. Qf7+ Kg5 38. g3 Qxc2 39. Kh3 Qe4 40.
f4+ 1-0

[Event "ThEM  Hauptturnier"]
[Site "Finsterbergen"]
[Date "2001.04.12"]
[Round "3"]
[White "Fuchs, Antje"]
[Black "Manger, Hans-Gerald"]
[Result "1/2-1/2"]
[WhiteElo "2106"]
[BlackElo "2016"]
[PlyCount "67"]
[EventDate "2001.04.??"]

1. e4 c5 2. Nf3 e6 3. d4 cxd4 4. Nxd4 a6 5. c4 Qc7 6. Be2 Nf6 7. Nc3 Be7 8. O-O
Nc6 9. Be3 O-O 10. f4 d6 11. Qe1 Nd7 12. Rc1 Qb8 13. Qg3 Bf6 14. Nf3 b6 15. h4
Nc5 16. e5 dxe5 17. fxe5 Nxe5 18. Bf4 Nxf3+ 19. Bxf3 Bd4+ 20. Kh1 e5 21. Bxa8
exf4 22. Qxf4 Qxf4 23. Rxf4 Be3 24. Rff1 Bxc1 25. Rxc1 Nd3 26. Rc2 Bf5 27. Be4
Bxe4 28. Nxe4 f5 29. Nc3 Rf6 30. Nd5 Re6 31. Rd2 Nc5 32. Kh2 Kf7 33. g3 Ne4 34.
Re2 1/2-1/2

[Event "ThEM  Hauptturnier"]
[Site "?"]
[Date "2001.04.13"]
[Round "5"]
[White "Thielen, Dieter"]
[Black "Skibbe, Diana"]
[Result "1-0"]
[WhiteElo "2069"]
[BlackElo "2104"]
[PlyCount "83"]
[EventDate "2001.??.??"]

1. e4 e5 2. Nf3 Nc6 3. Bb5 a6 4. Ba4 Nf6 5. O-O Be7 6. Re1 b5 7. Bb3 d6 8. d4
Nxd4 9. Nxd4 exd4 10. a4 Bb7 11. e5 dxe5 12. Rxe5 O-O 13. Bg5 Qd6 14. Qe2 d3
15. cxd3 Qc6 16. f3 Bc5+ 17. Be3 Bxe3+ 18. Rxe3 Qc1+ 19. Kf2 Rae8 20. Rxe8 Rxe8
21. Qd2 Qh1 22. h3 Nh5 23. axb5 Bxf3 24. Kxf3 Qf1+ 25. Kg4 Re5 26. Rxa6 g6 27.
Nc3 Qf5+ 28. Kh4 Nf4 29. Ne4 Nxd3 30. Nf6+ Kg7 31. Ng4 g5+ 32. Kg3 Nc5 33. Bc2
Qf4+ 34. Qxf4 gxf4+ 35. Kxf4 Re2 36. Ne3 Ne6+ 37. Ke4 Kf6 38. Kd3 Re1 39. Bb3
Ke5 40. Bxe6 fxe6 41. Rc6 Kf4 42. Rxe6 1-0

[Event "ThEM  Hauptturnier"]
[Site "?"]
[Date "2001.04.14"]
[Round "6"]
[White "Skibbe, Diana"]
[Black "Fuchs, Antje"]
[Result "1-0"]
[WhiteElo "2104"]
[BlackElo "2106"]
[PlyCount "111"]
[EventDate "2001.??.??"]

1. e4 c5 2. Nf3 Nc6 3. d4 cxd4 4. Nxd4 Nf6 5. Nc3 e5 6. Ndb5 d6 7. Bg5 a6 8.
Na3 b5 9. Nd5 Be7 10. Bxf6 Bxf6 11. g3 Be6 12. c3 Bg5 13. h4 Bh6 14. Bg2 Rc8
15. O-O Ne7 16. Nc2 Bxd5 17. exd5 O-O 18. a4 f5 19. Nb4 f4 20. Be4 fxg3 21.
fxg3 Qd7 22. Kg2 Rxf1 23. Qxf1 g6 24. axb5 Rf8 25. Qe2 axb5 26. Nc6 Nf5 27.
Bxf5 gxf5 28. Ra7 Qe8 29. Re7 Qg6 30. Rxe5 Kh8 31. Ne7 Qe8 32. Re6 f4 33. Ng6+
Qxg6 34. Rxg6 f3+ 35. Qxf3 Rxf3 36. Rxh6 Rd3 37. Rxd6 Rd2+ 38. Kf3 Rxb2 39. Kf4
b4 40. cxb4 Rxb4+ 41. Kf5 Rb1 42. Rd7 Rf1+ 43. Kg5 Kg8 44. d6 Rd1 45. g4 Rd4
46. h5 h6+ 47. Kf5 Kf8 48. g5 hxg5 49. Kxg5 Ke8 50. Re7+ Kd8 51. Re6 Kd7 52.
Rf6 Rd1 53. Kg6 Rg1+ 54. Kf7 Rh1 55. h6 Rh2 56. Kg7 1-0

[Event "ThEM  Hauptturnier"]
[Site "?"]
[Date "2001.04.15"]
[Round "7"]
[White "Thielen, Dieter"]
[Black "Rohmeiss, Roberto"]
[Result "1/2-1/2"]
[WhiteElo "2069"]
[BlackElo "2065"]
[PlyCount "140"]
[EventDate "2001.??.??"]

1. e4 c6 2. d4 d5 3. exd5 cxd5 4. c4 Nf6 5. Nc3 e6 6. Nf3 Be7 7. Be2 O-O 8. O-O
Re8 9. c5 b6 10. b4 a5 11. Na4 Nfd7 12. Bb5 axb4 13. c6 Nf6 14. Bf4 Bd6 15.
Bxd6 Qxd6 16. Nxb6 Ra5 17. Ba4 Ba6 18. Rc1 Bxf1 19. Kxf1 Qc7 20. Nd7 Rc8 21.
Nxb8 Rxb8 22. Ne5 Ne4 23. Bb3 f6 24. Nd7 Rd8 25. Qe1 Qxh2 26. Qe3 Qc7 27. f3
Ng5 28. Qd2 Ra6 29. Qc2 Rc8 30. Ba4 Qa5 31. Nc5 Raxc6 32. Bxc6 Rxc6 33. Qe2 Kf7
34. Rc2 e5 35. f4 exf4 36. Qh5+ g6 37. Qg4 Ne6 38. Qf3 Qb5+ 39. Kf2 Nxc5 40.
Qxd5+ Re6 41. Rxc5 Qe2+ 42. Kg1 Qe1+ 43. Kh2 Kg7 44. Qf3 Qh4+ 45. Qh3 Qxh3+ 46.
Kxh3 Re3+ 47. Kg4 Rg3+ 48. Kxf4 Rxg2 49. Ra5 h5 50. d5 Kf7 51. Ra7+ Ke8 52. Ke3
Rg3+ 53. Kd4 Ra3 54. Rb7 Rxa2 55. Rxb4 h4 56. Kc5 g5 57. d6 Rd2 58. Rb8+ Kd7
59. Rb7+ Ke6 60. Re7+ Kf5 61. Kc6 h3 62. d7 g4 63. Rh7 h2 64. Rxh2 Rd3 65. Rh8
g3 66. d8=Q Rxd8 67. Rxd8 Kf4 68. Kd5 g2 69. Rg8 Kf3 70. Ke6 Kf2 1/2-1/2

[Event "ThEM  Hauptturnier"]
[Site "?"]
[Date "2001.04.16"]
[Round "9"]
[White "Seidel, Thomas"]
[Black "Rohmeiss, Roberto"]
[Result "1-0"]
[WhiteElo "2043"]
[BlackElo "2065"]
[PlyCount "81"]
[EventDate "2001.??.??"]

1. e4 g6 2. d4 Bg7 3. Nf3 d6 4. Bc4 Nf6 5. Qe2 Nc6 6. O-O O-O 7. Bg5 Bg4 8. c3
e5 9. d5 Ne7 10. Nbd2 h6 11. Be3 Kh7 12. h3 Bc8 13. Nh2 Nh5 14. g4 Nf4 15. Bxf4
exf4 16. Ndf3 Ng8 17. Qd2 Be5 18. Nxe5 dxe5 19. Kg2 Nf6 20. f3 Ne8 21. Rfd1 Nd6
22. Bd3 f5 23. exf5 gxf5 24. c4 e4 25. c5 Ne8 26. fxe4 fxg4 27. hxg4 f3+ 28.
Kg3 Qe7 29. e5+ Kg7 30. Nxf3 Qxc5 31. Be4 a5 32. Rh1 Ra6 33. d6 Nxd6 34. Qxh6+
Kf7 35. Bg6+ Ke7 36. Qg5+ Ke6 37. Bf5+ Nxf5+ 38. gxf5+ Rxf5 39. Rh6+ Kf7 40.
Rh7+ Ke6 41. Qg8+ 1-0

[Event "ThEM Meisterturnier Finsterbergen"]
[Site "?"]
[Date "1999.??.??"]
[Round "1"]
[White "Haensel, Thomas"]
[Black "Fischer, Kay"]
[Result "1/2-1/2"]
[WhiteElo "2205"]
[BlackElo "2130"]
[PlyCount "56"]
[EventDate "1999.??.??"]

1. e4 e5 2. Nf3 Nf6 3. Nc3 Nc6 4. Bb5 Bb4 5. O-O Nd4 6. Nxd4 exd4 7. e5 dxc3 8.
exf6 Qxf6 9. dxc3 Be7 10. Be3 O-O 11. Bd4 Qh6 12. Re1 Bd6 13. g3 b6 14. Re4 f5
15. Be3 Qg6 16. Qd5+ Kh8 17. Qxa8 fxe4 18. Qxa7 Qf5 19. Be2 h5 20. a4 h4 21.
Kg2 Bc5 22. Rf1 Qe5 23. Bf4 Rxf4 24. gxf4 Qxf4 25. Qa8 Bd6 26. Qxc8+ Kh7 27.
Rh1 h3+ 28. Kxh3 Qh6+ 1/2-1/2

[Event "ThEM Meisterturnier Finsterbergen"]
[Site "?"]
[Date "1999.??.??"]
[Round "1"]
[White "Kirschbaum, Gunnar"]
[Black "Mueller, Matthias"]
[Result "0-1"]
[WhiteElo "2195"]
[BlackElo "2395"]
[PlyCount "70"]
[EventDate "1999.??.??"]

1. d4 d5 2. c4 e6 3. Nc3 c6 4. cxd5 exd5 5. Qc2 Nd7 6. Nf3 Ngf6 7. Bg5 Be7 8.
e3 O-O 9. Bd3 Re8 10. O-O Nf8 11. Rab1 a5 12. a3 Bd6 13. Bf5 Bxf5 14. Qxf5 Qd7
15. Qxd7 N6xd7 16. Bh4 Ne6 17. Bg3 Bf8 18. Ne5 Nb6 19. b4 a4 20. Rbc1 f6 21.
Nd3 Nc4 22. Nb1 Ng5 23. h3 Nxe3 24. fxe3 Rxe3 25. Nf4 Rxg3 26. b5 cxb5 27. Nxd5
Re8 28. Rc3 Rxc3 29. Ndxc3 Bxa3 30. Nxa3 b4 31. Nab5 bxc3 32. Nxc3 a3 33. Ra1
Ra8 34. Ra2 Ra5 35. Nb1 Ne6 0-1